| 000 -LEADER |
| fixed length control field |
00581nam a22001697a 4500 |
| 003 - CONTROL NUMBER IDENTIFIER |
| control field |
OSt |
| 005 - DATE AND TIME OF LATEST TRANSACTION |
| control field |
20180604084513.0 |
| 008 - FIXED-LENGTH DATA ELEMENTS--GENERAL INFORMATION |
| fixed length control field |
180320b xxu||||| |||| 00| 0 spa d |
| 040 ## - CATALOGING SOURCE |
| Transcribing agency |
PJ |
| 100 ## - ASIENTO PRINCIPAL - NOMBRE DE PERSONA |
| 9 (RLIN) |
143 |
| Personal name |
Martin, Guillermo Patricio |
| 245 10 - MENCIÓN DE TÍTULO |
| Título propiamente dicho |
Sera justicia : |
| Mención de responsabilidad, etc |
Guillermo Patricio Martin. |
| Parte restante del título |
algunas aportaciones del estructuralismo para el tomismo / |
| 260 ## - PUBLICATION, DISTRIBUTION, ETC. (IMPRINT) |
| Place of publication, distribution, etc |
Buenos Aires : |
| Name of publisher, distributor, etc |
Abeledo - Perrot, |
| Date of publication, distribution, etc |
1981. |
| 300 ## - DESCRIPCION FISICA |
| Extent |
79 p. |
| Dimensions |
23 cm. |
| 500 ## - NOTA GENERAL |
| General note |
Bibliografía y notas al pie de algunas páginas. |
| 650 ## - ASIENTO SECUNDARIO DE MATERIA - TERMINO TEMATICO |
| Topical term or geographic name as entry element |
FILOSOFIA DEL DERECHO |
| 9 (RLIN) |
177 |
| 942 ## - ADDED ENTRY ELEMENTS (KOHA) |
| Source of classification or shelving scheme |
|
| Koha item type |
Libros |
| Classification part |
340.12 |
| Item part |
MAR |